| 000 | 01285cam a2200337 4500 | ||
|---|---|---|---|
| 008 | 090401t1999 xxu||||| |||| 00| 0 eng d | ||
| 020 | _a042156220X | ||
| 035 | _a(Sirsi) u87382 | ||
| 041 | _aeng | ||
| 050 | _a346.4104346 | ||
| 100 | _aRadevsky, Anthony | ||
| 245 | _aHague on leasehold enfranchisement. | ||
| 250 | _a3rd ed. | ||
| 260 |
_aLondon _bSweet & Maxwell _c1999 |
||
| 300 | _alxxiii,1162p. ; 25cm. | ||
| 350 | _a135 | ||
| 490 | _aSweet and Maxwell Property and Conveyancing Library | ||
| 520 | _aThis edition by Radevsky and Greenish. A new edition of this comprehensive work dealing with leasehold enfranchisement, taking into account the changes brought about by the introduction of the Leasehold Reform, Housing and Urban Development Act 1993. Includes chapters on acquiring the freehold, extending the lease, valuation and new leases. | ||
| 650 | _aFREEHOLD | ||
| 650 | _aLEASEHOLD ENFRANCHISEMENT | ||
| 650 | _aLEASEHOLD EXTENSIONS | ||
| 650 | _aLEASEHOLD REFORM ACT 1967 | ||
| 650 | _aLEASEHOLD REFORM, HOUSING AND URBAN DEVELOPMENT ACT 1993 | ||
| 650 | _aLEASES | ||
| 650 |
_aValuation _96273 |
||
| 690 | _aLANDLORD AND TENANT-LEASEHOLD REFORM | ||
| 700 | _aGreenish, D. | ||
| 700 | _aHague, N. T. | ||
| 942 | _n0 | ||
| 948 | _c14/07/1998 | ||
| 999 |
_c97234 _d97234 |
||